Score 0/32 Timer 06:00
15 Plays Today
Continent Capital % Correct
EuropeHelsinki, Finland
81.6%
N. AmericaWashington, D.C., U.S.A.
79.3%
AsiaHanoi, Vietnam
74.7%
N. AmericaHavana, Cuba
71.5%
EuropeStockholm, Sweden
65.4%
AsiaNew Delhi, India
65.4%
EuropeAthens, Greece
64%
EuropeBucharest, Romania
61.1%
AsiaBaghdad, Iraq
59.9%
AsiaTehran, Iran
59.7%
EuropeCopenhagen, Denmark
59%
AfricaHarare, Zimbabwe
57.2%
AsiaRiyadh, Saudi Arabia
54.7%
AsiaDhaka, Bangladesh
51%
AsiaBishkek, Kyrgyzstan
50.6%
AsiaPhnom Penh, Cambodia
50.1%
Continent Capital % Correct
AsiaKathmandu, Nepal
48.8%
AsiaTashkent, Uzbekistan
47.8%
EuropeChisinau, Moldova
47.1%
AfricaKhartoum, Sudan
46.4%
AsiaDoha, Qatar
46.2%
AsiaAbu Dhabi, U.A.E.
46.2%
AfricaKinshasa, D.R.C.
45.7%
AsiaAshgabat, Turkmenistan
44.5%
OceaniaHoniara, Solomon Islands
44%
AsiaThimphu, Bhutan
42.3%
AfricaMogadishu, Somalia
41.6%
AsiaDushanbe, Tajikistan
41.5%
AfricaWindhoek, Namibia
38.2%
N. AmericaSt. John's, Antigua and Barbuda
34.8%
AsiaRamallah, Palestine
32.2%
AfricaNouakchott, Mauritania
26.5%
Remove Ads.
Support Sporcle.
Get the best of Sporcle when you Go Orange. This ad-free experience offers more features, more stats, and more fun while also helping to support Sporcle. Thank you for becoming a member.

You're not logged in!

Compare scores with friends on all Sporcle quizzes.
OR
Log In

Show Comments

Extras

Top Quizzes Today


Score Distribution

Your Account Isn't Verified!

In order to create a playlist on Sporcle, you need to verify the email address you used during registration. Go to your Sporcle Settings to finish the process.

Report this User

Report this user for behavior that violates our Community Guidelines.

Details: